| 000 | 00732nam a2200229 a 4500 | ||
|---|---|---|---|
| 999 |
_c10575 _d10575 |
||
| 001 | 10575 | ||
| 003 | BD-JhCC | ||
| 005 | 20190722134007.0 | ||
| 008 | 180723s20171975bg a|||| |||| 000 0 ben d | ||
| 020 | _a984460008012 | ||
| 035 | _a(BD-JhCC)10575 | ||
| 040 |
_aBD-JhCC _dBD-JhCC |
||
| 041 | _aben | ||
| 082 |
_a910 _bUDD 2017 |
||
| 100 | _aউদ্দীন, জসীম | ||
| 245 |
_aজার্মানির শহরে বন্দরে / _cজসীম উদ্দীন |
||
| 260 |
_aঢাকা : _bপলাশ, _c২০১৭. |
||
| 300 |
_a১৬০ পৃ. : _bচিত্রাবলী, _c২১ সেমি. |
||
| 650 | _aভ্রমন কাহিনী | ||
| 650 | _aTravelouge | ||
| 942 |
_2ddc _cBK _01 |
||